000 00202nam a22000857a 4500
082 _a621.902BOO
100 _aBooyhroyd Geoffrey
245 _aFundamentals of metal machining and machine tools
942 _cBK
999 _c15298
_d15298